Vplyv influencerov na športový marketing bakalárska práca

Uložené v:
Podrobná bibliografia
Hlavný autor: Hlaváčová, Petra
Korporativný autor: Obchodná fakulta EU. Katedra marketingu
Ďalší autori: Hasprová, Mária, 1970-
Médium: Kniha
Jazyk:Slovak
Vydavateľské údaje: Bratislava 2020
Tagy: Pridať tag
Žiadne tagy, Buďte prvý, kto otaguje tento záznam!

MARC

LEADER 00000nbm a2200000 4500
001 0266573
005 20201006101043.7
041 0 |a slo 
044 |a SK 
245 1 0 |a Vplyv influencerov na športový marketing  |b bakalárska práca  |c Petra Hlaváčová ; školiteľ: Mária Hasprová 
264 1 |a Bratislava  |c 2020 
300 |a 38 s. 
100 1 |a Hlaváčová, Petra 
700 1 |a Hasprová, Mária, 1970- 
710 2 |a Obchodná fakulta EU. Katedra marketingu